Rating valuation of composite property (part one) (Record no. 43836)
[ view plain ]
| 000 -LEADER | |
|---|---|
| fixed length control field | 01070cab a2200253 4500 |
| 001 - CONTROL NUMBER | |
| control field | ABS49066 |
| 008 - FIXED-LENGTH DATA ELEMENTS--GENERAL INFORMATION | |
| fixed length control field | 090401t1993 xxu||||| |||| 00| 0 eng d |
| 035 ## - SYSTEM CONTROL NUMBER | |
| System control number | (Sirsi) u69743 |
| 041 ## - LANGUAGE CODE | |
| Language code of text/sound track or separate title | eng |
| 100 ## - MAIN ENTRY--PERSONAL NAME | |
| Personal name | Partridge, C. |
| 245 ## - TITLE STATEMENT | |
| Title | Rating valuation of composite property (part one) |
| 260 ## - PUBLICATION, DISTRIBUTION, ETC. | |
| Date of publication, distribution, etc. | 1993 |
| 350 ## - PRICE (NR) (BK AM CF MU VM SE) [OBSOLETE] | |
| Price | 0 |
| 490 ## - SERIES STATEMENT | |
| Series statement | CS Monthly : General Practice |
| Volume/sequential designation | 2(10) July/August 1993, 8(1) |
| 520 ## - SUMMARY, ETC. | |
| Summary, etc. | Composite properties identified are flats above shops, residential boarding houses, moorings, tied farm cottages, and caravans. As no rules are laid down by the Local Government Finance Act 1988 to cover the distinction between composite properties and, say, domestic dwellings used partly for home-working, the article warns that valuation officers` decisions are discretionary, but offers guidance on current practice. |
| 650 ## - SUBJECT ADDED ENTRY--TOPICAL TERM | |
| Topical term or geographic name entry element | COMPOSITE PROPERTIES |
| 650 ## - SUBJECT ADDED ENTRY--TOPICAL TERM | |
| Topical term or geographic name entry element | COUNCIL TAX |
| 650 ## - SUBJECT ADDED ENTRY--TOPICAL TERM | |
| Topical term or geographic name entry element | RATES AND RATING |
| 650 ## - SUBJECT ADDED ENTRY--TOPICAL TERM | |
| Topical term or geographic name entry element | VALUATION ISSUES |
| 690 ## - LOCAL SUBJECT ADDED ENTRY--TOPICAL TERM (OCLC, RLIN) | |
| Topical term or geographic name as entry element | RATING AND VALUATION |
| 700 ## - ADDED ENTRY--PERSONAL NAME | |
| Personal name | Trollope, D. |
| 942 ## - ADDED ENTRY ELEMENTS (KOHA) | |
| Suppress in OPAC | 0 |
| 948 ## - LOCAL PROCESSING INFORMATION (OCLC); SERIES PART DESIGNATOR (RLIN) | |
| c (OCLC) | 04/03/1997 |
| Withdrawn status | Lost status | Source of classification or shelving scheme | Damaged status | Not for loan | Home library | Current library | Shelving location | Date acquired | Total Checkouts | Full call number | Barcode | Date last seen | Copy number | Price effective from | Koha item type |
|---|---|---|---|---|---|---|---|---|---|---|---|---|---|---|---|
| Dewey Decimal Classification | London | London | Journal article | 14/09/1999 | ABS49066 | 69743-1001 | 06/08/2019 | 1 | 06/08/2019 | Journal article |